1623 1576 1368 1539 1563 1927 1176 1883 1652 1695 1613 1435 1946 1127 1029 1536 1959 1412 1529 1461 1428 1976 1236 1421 1201 1301 1569 1919 1164 1047 1185 1846 1696 1470 1208 1316 1317 1241 1148 1442 1778 1164 1481 1862 1128 1839 1491 1458 1942 1411 1859 1787 1017 1730 1690 1516 1916 1815 1764 1041 1584 1205 1564 1262 1591 1657 1399 1626 1472 1583 1528 1630 1780 1841 1120 1435 1762 1781 1304 1832 1716 1345 1933 1533 1327 1567 1215 1299 1642 1539 1021 1468 1614 1108 1291 1814 1429 1123 1129 BCNSPRNW ULIB Ver.6.0+V

เปลี่ยนเป็นภาษาไทย

Change to English
 แสดงรายละเอียดบรรณานุกรม
  กลับหน้าหลัก

Brief Record : Get Marc (ISO 2709) : E-mail record : QR code < ปิดหน้าต่าง
LEADER : 00000nam 2200000uu 4500
001    13399111151
003     ULIB
008    110617s||||||||th 000 0 tha d
020    9786167276021
050  4 BF637.S8^bธ646ป 2552
100 0  ธีรวัชร สุนทรจามร
245 10 เปลี่ยนชีวิตที่เหลือเพื่อความสำเร็จ /^cธีรวัชร สุนทรจามร
260    กรุงเทพฯ :^bMinibear Publishing,^c2552
300    232 หน้า :^bภาพประกอบ ;^c21 ซม.
650  7 การพัฒนาตนเอง
650  7 การเปลี่ยนแปลง (จิตวิทยา)
650  7 จิตวิทยาประยุกต์
650  7 ความสำเร็จ
710 1  Minibear
945    ^p195^l0^i027710
995    ทศพร
999 ^a ใช้งานได้ทุกระบบ
รายการนี้ยังไม่มีแท็ก
คุณยังไม่ได้ล็อกอิน คุณสามารถมีกิจกรรมร่วมกับเว็บไซต์ได้ แต่ต้องล็อกอินก่อน ::
  ล็อกอิน

รายการสื่อสารสนเทศ

ลำดับที่ ประเภท เลขเรียก/บาร์โค้ด สถานที่ สถานะ
1. วิทยาศาสตร์การแพทย์ และสุขภาพ
วิทยาศาสตร์การแพทย์ และสุขภาพ
สถานะ=หนังสือเก่า
BF637.S8 ธ646ป 2552 ฉ.1 
  Barcode: 027710
ห้องสมุดวิทยาเขตสวรรค์ประชารักษ์
►หนังสือทั่วไป
บนชั้น

รายการใกล้เคียง
    หัวเรื่อง [การพัฒนาตนเอง]
    หัวเรื่อง [จิตวิทยาประยุกต์]
    หัวเรื่อง [ความสำเร็จ]

BibComment


ยังไม่เคยถูกคอมเมนท์

คอมเมนท์ทรัพยากรรายการนี้
  คอมเมนท์: เปลี่ยนชีวิตที่เห..


 Copyright 2026. Bcnsprnw @Library